Southville International School and Colleges
Your cart is empty.
  • Cart
  • Lists
    Public lists Eva Luna New books Lux_list list_1
    Your lists Log in to create your own lists
  • Log in to your account
  • Your cookies
  • Search history
Southville International School and Colleges
  • Advanced search
  • Recent comments
  • Most popular
  • Libraries

Log in to your account

Log in with GOOGLE


If you do not have an external account, but do have a local account, you can still log in:

  1. Home
  2. MARC view: Prentice-Hall grammar and composition. Level 4 /
Normal view MARC view ISBD view

Prentice-Hall grammar and composition. Level 4 / (Record no. 12827)

[ view plain ]
MARC details
000 -LEADER
fixed length control field 00604nam a2200205 a 4500
003 - CONTROL NUMBER IDENTIFIER
control field SISC
005 - DATE AND TIME OF LATEST TRANSACTION
control field 20160314151759.0
008 - FIXED-LENGTH DATA ELEMENTS--GENERAL INFORMATION
fixed length control field 130816s19uu xx 00 eng d
020 ## - INTERNATIONAL STANDARD BOOK NUMBER
International Standard Book Number 9812448500
100 ## - MAIN ENTRY--PERSONAL NAME
Personal name Forlini, Gary
245 ## - TITLE STATEMENT
Title Prentice-Hall grammar and composition. Level 4 /
Statement of responsibility, etc Gary Forlini.
250 ## - EDITION STATEMENT
Edition statement Low price edition
260 ## - PUBLICATION, DISTRIBUTION, ETC. (IMPRINT)
Place of publication, distribution, etc Englewood Cliffs, N.J :
Name of publisher, distributor, etc Prentice-Hall,
Date of publication, distribution, etc 1990.
300 ## - PHYSICAL DESCRIPTION
Extent 912
500 ## - GENERAL NOTE
General note Includes Index
650 ## - SUBJECT ADDED ENTRY--TOPICAL TERM
Topical term or geographic name as entry element English language --Grammar.
650 ## - SUBJECT ADDED ENTRY--TOPICAL TERM
Topical term or geographic name as entry element English language --Composition and exercises.
700 ## - ADDED ENTRY--PERSONAL NAME
Personal name Bauer, Mary Beth
942 ## - ADDED ENTRY ELEMENTS (KOHA)
Koha item type Books
Source of classification or shelving scheme Library of Congress Classification
Holdings
Withdrawn status Lost status Source of classification or shelving scheme Damaged status Home library Current library Shelving location Date acquired Source of acquisition Cost, normal purchase price Total Checkouts Full call number Barcode Date last seen Price effective from Koha item type
    Library of Congress Classification   Luxembourg Library Luxembourg Library High School Section 08/16/2013   331.50   PE 1112 F624 1990 19555 03/14/2016 10/10/2013 Books

Prentice-Hall grammar and composition. Level 4 /

APA

Forlini G., Bauer M. B., . (1990). Prentice-Hall grammar and composition. Level 4. Englewood Cliffs, N.J: Prentice-Hall.

Chicago

Forlini Gary, Bauer Mary Beth, . 1990. Prentice-Hall grammar and composition. Level 4. Englewood Cliffs, N.J: Prentice-Hall.

Harvard

Forlini G., Bauer M. B., . (1990). Prentice-Hall grammar and composition. Level 4. Englewood Cliffs, N.J: Prentice-Hall.

MLA

Forlini Gary, Bauer Mary Beth, . Prentice-Hall grammar and composition. Level 4. Englewood Cliffs, N.J: Prentice-Hall. 1990.

  • Place hold
  • Print
  • Cite
  • Add to your cart (remove)
  • Save record
    BIBTEX Dublin Core MARCXML MARC (non-Unicode/MARC-8) MARC (Unicode/UTF-8) MARC (Unicode/UTF-8, Standard) MODS (XML) RIS
  • More searches
    Search for this title in:
    Other Libraries (WorldCat) Other Databases (Google Scholar) Online Stores (Bookfinder.com) Open Library (openlibrary.org)

Exporting to Dublin Core...

SOUTHVILLE LIBRARY

Southville International School and Colleges Library

1281 Tropical Ave. Cor. Luxembourg St., BF Homes International, Las Pinas City

Tel. No. 8256374 / 252358 Loc. 117/146

Powered by Koha